[Event "Bad Woerishofen op"]
[Site "?"]
[Date "2000.??.??"]
[Round "8"]
[White "Taschner, Peter"]
[Black "Vossenkuhl, Joachim"]
[Result "1/2-1/2"]
[WhiteElo "2019"]
[BlackElo "2176"]
[PlyCount "86"]
[EventDate "2000.??.??"]

1. e4 c5 2. Nf3 Nc6 3. Bb5 g6 4. Bxc6 dxc6 5. d3 Bg4 6. Nbd2 Bg7 7. h3 Bxf3 8.
Nxf3 Nf6 9. O-O O-O 10. Be3 Nd7 11. Qc1 Re8 12. Bh6 Bh8 13. a4 e5 14. Nh2 Qe7
15. Ng4 f6 16. h4 Nf8 17. Bxf8 Kxf8 18. Qh6+ Kg8 19. Qe3 h5 20. Nh2 Bg7 21. Nf3
Kh7 22. Qe2 Rad8 23. g3 Bh6 24. b3 Qe6 25. Kg2 Re7 26. Rh1 Kg7 27. Rae1 Red7
28. Ng1 b5 29. axb5 cxb5 30. Ra1 a6 31. Nf3 Rc8 32. Ra2 c4 33. bxc4 bxc4 34.
Rha1 cxd3 35. cxd3 Rc6 36. Ra3 Kf7 37. Qb2 Bf8 38. Rb3 Be7 39. Ra4 Rdc7 40. Ne1
Bc5 41. Rb7 Bd4 42. Rxc7+ Rxc7 43. Qb1 Ba7 1/2-1/2

[Event "Bad Woerishofen op"]
[Site "Bad Woerishofen"]
[Date "2000.??.??"]
[Round "1"]
[White "Tauber, Manfred"]
[Black "von Saldern, Ruediger"]
[Result "1-0"]
[WhiteElo "2283"]
[BlackElo "1900"]
[PlyCount "81"]
[EventDate "1998.03.05"]
[Source "ChessBase"]
[SourceDate "1998.04.29"]

1. d4 d5 2. Nf3 Nf6 3. c4 e6 4. Nc3 Nbd7 5. cxd5 exd5 6. Bf4 c6 7. e3 Be7 8.
Bd3 O-O 9. Qc2 Re8 10. O-O Nf8 11. Rab1 Nh5 12. Be5 f6 13. Bg3 Nxg3 14. hxg3 a5
15. a3 g6 16. b4 axb4 17. axb4 b5 18. e4 dxe4 19. Bxe4 Qb6 20. d5 f5 21. Bd3
Bb7 22. Qb3 Kg7 23. dxc6 Bxc6 24. Ne5 Rab8 25. Rfe1 Bd6 26. Qf7+ Kh6 27. Nxc6
Rxe1+ 28. Rxe1 Qxc6 29. Nd5 Rb7 30. Ne7 Bxe7 31. Rxe7 Rxe7 32. Qxe7 Ne6 33. Qf6
Qd5 34. Be2 Qd7 35. g4 Qd2 36. g5+ Qxg5 37. Qxe6 Qc1+ 38. Bf1 Qb1 39. Qe7 g5
40. Qe5 g4 41. Qxb5 1-0

[Event "Bad Woerishofen op"]
[Site "?"]
[Date "2000.??.??"]
[Round "3"]
[White "Tauber, Manfred"]
[Black "Friedrich, Wolfgang"]
[Result "1-0"]
[WhiteElo "2283"]
[BlackElo "2104"]
[PlyCount "69"]
[EventDate "2000.??.??"]

1. g3 e5 2. Bg2 Bc5 3. c3 Nc6 4. b4 Bb6 5. a4 a5 6. b5 Nb8 7. d4 d6 8. Nf3 f6
9. O-O Be6 10. Na3 Ne7 11. Bb2 O-O 12. e3 Qe8 13. Nd2 d5 14. c4 Nd7 15. c5 Ba7
16. Nb3 Qg6 17. Bc3 h5 18. Bxa5 Bb8 19. c6 bxc6 20. Bb4 Re8 21. Bxe7 Rxe7 22.
bxc6 Nb6 23. dxe5 fxe5 24. a5 Na4 25. Qd2 d4 26. Qb4 Nc3 27. Nxd4 exd4 28. Qxe7
Ba7 29. exd4 Ne2+ 30. Kh1 Re8 31. Qxc7 Bb8 32. Qb7 h4 33. c7 Ba7 34. Qe4 Bf5
35. Qxh4 1-0

[Event "Bad Woerishofen op"]
[Site "?"]
[Date "2000.??.??"]
[Round "5"]
[White "Tauber, Manfred"]
[Black "Semmler, Guenther"]
[Result "1-0"]
[WhiteElo "2283"]
[BlackElo "2130"]
[PlyCount "77"]
[EventDate "2000.??.??"]

1. Nf3 Nf6 2. d3 d6 3. g3 g6 4. Bg2 Bg7 5. O-O O-O 6. Nbd2 c5 7. c3 Nc6 8. h3
Bd7 9. e4 Rb8 10. d4 Qc8 11. d5 Ne5 12. Nxe5 dxe5 13. Kh2 b5 14. Qc2 b4 15. c4
Ne8 16. Nb3 Nd6 17. Be3 Ba4 18. Qd3 Nb7 19. f4 Bd7 20. f5 a5 21. g4 a4 22. Nd2
f6 23. Nf3 gxf5 24. exf5 Nd6 25. Nd2 Qc7 26. Ne4 Nxe4 27. Bxe4 Rbc8 28. Qd2 Kh8
29. Rf2 Be8 30. Rg1 Bf7 31. Qe2 Qd6 32. Kh1 Rg8 33. h4 Be8 34. g5 fxg5 35. hxg5
Bf8 36. Rh2 Rg7 37. Rh6 e6 38. Rxe6 Qd8 39. Qh2 1-0

[Event "Bad Woerishofen op"]
[Site "?"]
[Date "2000.??.??"]
[Round "9"]
[White "Tauber, Manfred"]
[Black "Babar, Michael"]
[Result "0-1"]
[WhiteElo "2283"]
[BlackElo "2170"]
[PlyCount "80"]
[EventDate "2000.??.??"]

1. d4 f5 2. c4 d6 3. Nc3 Nf6 4. g3 g6 5. Bg2 Bg7 6. Nf3 O-O 7. O-O Qe8 8. d5 a5
9. Be3 h6 10. c5 Na6 11. cxd6 exd6 12. Rc1 Bd7 13. Bd4 b6 14. b3 Qf7 15. a3 g5
16. e3 Nc5 17. b4 axb4 18. axb4 Nce4 19. Nxe4 fxe4 20. Nd2 Bb5 21. Re1 Bd3 22.
f4 Ra2 23. Ra1 Rxa1 24. Bxa1 Re8 25. Bxf6 Bxf6 26. Qa4 b5 27. Qa5 Bc3 28. Rd1
Be2 29. Nb1 Bxd1 30. Nxc3 Bf3 31. Bh3 Qg7 32. Qxb5 Ra8 33. Be6+ Kh8 34. Qc6 Rb8
35. f5 h5 36. h3 h4 37. f6 Qxf6 38. Qxc7 Rf8 39. Qc4 hxg3 40. Qd4 Qxd4 0-1

[Event "Bad Woerishofen op"]
[Site "Bad Woerishofen"]
[Date "2000.??.??"]
[Round "1"]
[White "Taufratshofer, Martin"]
[Black "Weber, Ludwig"]
[Result "1-0"]
[WhiteElo "2104"]
[BlackElo "1400"]
[PlyCount "57"]
[EventDate "1998.03.05"]
[Source "ChessBase"]
[SourceDate "1998.04.29"]

1. Nf3 e6 2. c4 c6 3. g3 Bb4 4. Bg2 d6 5. O-O Ba5 6. Nc3 Nd7 7. Rb1 e5 8. b4
Bc7 9. Bb2 Ngf6 10. Qc2 Nf8 11. d4 h6 12. Rfd1 Qe7 13. dxe5 dxe5 14. b5 c5 15.
e4 g6 16. Nd5 Nxd5 17. exd5 Bf5 18. Qa4 b6 19. Rbc1 Bd6 20. Nxe5 Bxe5 21. Bxe5
f6 22. d6 Qg7 23. Bxf6 Qxf6 24. Bxa8 Bh3 25. Qxa7 Nd7 26. Bd5 Kf8 27. Qc7 h5
28. Re1 Ne5 29. Rxe5 1-0

[Event "Bad Woerishofen op"]
[Site "?"]
[Date "2000.??.??"]
[Round "3"]
[White "Taufratshofer, Martin"]
[Black "Reichwald, Klaus-Dieter"]
[Result "1/2-1/2"]
[WhiteElo "2104"]
[BlackElo "1746"]
[PlyCount "78"]
[EventDate "2000.??.??"]

1. Nf3 Nf6 2. c4 g6 3. Nc3 Bg7 4. e4 d6 5. d4 O-O 6. Be2 Nbd7 7. O-O e5 8. Be3
Ng4 9. Bg5 f6 10. Bc1 c6 11. Ne1 Nh6 12. Be3 f5 13. f3 f4 14. Bf2 Nf6 15. Nd3
Nf7 16. Qc2 g5 17. Rad1 Qe7 18. b4 h5 19. dxe5 Nxe5 20. Nxe5 Qxe5 21. Bd4 Qe8
22. Rf2 g4 23. fxg4 Nxg4 24. Bxg4 Bxd4 25. Rxd4 Qe5 26. Qd2 hxg4 27. Rxd6 Be6
28. Qd4 Qxd4 29. Rxd4 f3 30. c5 Kg7 31. Rd6 Rf6 32. a3 Raf8 33. g3 Re8 34. Rfd2
Re7 35. Kf2 Rh6 36. Ke3 Re8 37. Rf2 Reh8 38. Nb1 Kf7 39. Rdd2 Ke7 1/2-1/2

[Event "Bad Woerishofen op"]
[Site "?"]
[Date "2000.??.??"]
[Round "5"]
[White "Taufratshofer, Martin"]
[Black "Schaefer, Michael"]
[Result "0-1"]
[WhiteElo "2104"]
[BlackElo "2215"]
[PlyCount "58"]
[EventDate "2000.??.??"]

1. Nf3 Nf6 2. c4 g6 3. Nc3 Bg7 4. e4 e5 5. d4 exd4 6. Nxd4 O-O 7. Be2 Re8 8. f3
c6 9. O-O d5 10. cxd5 cxd5 11. Bb5 Nc6 12. Be3 Bd7 13. Nxc6 bxc6 14. Bd3 Rb8
15. Qc2 Qa5 16. e5 Nh5 17. g4 Bxe5 18. gxh5 d4 19. hxg6 hxg6 20. Bxg6 dxe3 21.
Bh7+ Kh8 22. Kh1 Qb4 23. Bf5 Bxf5 24. Qxf5 Qh4 25. f4 Rxb2 26. h3 Bxc3 27. Rac1
e2 28. Rg1 Qh7 29. Qc5 Qxh3# 0-1

[Event "Bad Woerishofen op"]
[Site "?"]
[Date "2000.??.??"]
[Round "7"]
[White "Taufratshofer, Martin"]
[Black "Bintakies, Michael"]
[Result "0-1"]
[WhiteElo "2104"]
[BlackElo "2198"]
[PlyCount "114"]
[EventDate "2000.??.??"]

1. Nf3 d5 2. c4 c6 3. e3 Nf6 4. d4 a6 5. cxd5 cxd5 6. Be2 Nc6 7. O-O Bf5 8. a3
e6 9. Nbd2 Bd6 10. Nh4 Be4 11. Nxe4 dxe4 12. g3 g5 13. Ng2 h5 14. f4 g4 15. b4
Nd5 16. Qd2 f5 17. Kf2 h4 18. Bb2 b5 19. Rh1 Nce7 20. Rag1 Ng6 21. Bd1 h3 22.
Ne1 a5 23. Nc2 a4 24. Be2 Qd7 25. Rc1 Kf7 26. Rhd1 Rhc8 27. Bf1 Nge7 28. Ne1
Nb6 29. Rxc8 Rxc8 30. Rc1 Ned5 31. Rxc8 Nxc8 32. Qe2 Na7 33. Nc2 Qc6 34. Qd2
Be7 35. Ne1 Nc8 36. Qc2 Qxc2+ 37. Nxc2 Nd6 38. Bc1 Ke8 39. Ke1 Kd7 40. Kf2 Kc6
41. Ke1 Nc4 42. Kf2 Nc3 43. Ke1 Kd5 44. Bd2 Nb1 45. Bc1 Kc6 46. Kd1 Nc3+ 47.
Ke1 Kb6 48. Bd2 Nb1 49. Bc1 Nbxa3 50. Bxa3 Nxa3 51. Kd1 Nxc2 52. Kxc2 Bxb4 53.
Kd1 a3 54. Kc2 Be1 55. Kb3 Bf2 56. Kxa3 Ka5 57. Kb3 Bxe3 0-1

[Event "Bad Woerishofen op"]
[Site "?"]
[Date "2000.??.??"]
[Round "9"]
[White "Taufratshofer, Martin"]
[Black "Mueller, Thorsten"]
[Result "1-0"]
[WhiteElo "2104"]
[BlackElo "2193"]
[PlyCount "120"]
[EventDate "2000.??.??"]

1. Nf3 d5 2. c4 e6 3. g3 Nf6 4. Bg2 c6 5. cxd5 exd5 6. O-O Be7 7. b3 O-O 8. Bb2
Re8 9. Nc3 Bf5 10. Rc1 h6 11. d3 Nbd7 12. a3 a5 13. Na4 Bf8 14. Re1 Bh7 15. Rb1
b5 16. Nc3 Nb6 17. Rc1 Rc8 18. Nb1 b4 19. Bh3 Rc7 20. Be5 Bd6 21. d4 g5 22.
Bxd6 Qxd6 23. Ne5 Ne4 24. f3 f6 25. Ng4 h5 26. Nh6+ Kg7 27. fxe4 Kxh6 28. Bf5
dxe4 29. Bxh7 Rxh7 30. e3 Nd5 31. Rc5 Ra7 32. Qc2 Re6 33. a4 f5 34. Nd2 Nxe3
35. Rxe3 Qxd4 36. Nf1 f4 37. Rxc6 Rae7 38. Qxe4 Qxe4 39. Rxe4 Rxc6 40. Rxe7
fxg3 41. hxg3 Rc3 42. Re3 Rc2 43. Re6+ Kg7 44. Re5 Kf6 45. Rxa5 Rb2 46. Rb5
Rxb3 47. a5 Ra3 48. Kf2 b3 49. Nd2 Ra2 50. Ke3 b2 51. Nc4 h4 52. gxh4 gxh4 53.
Rxb2 Ra4 54. Kd4 Ke6 55. Kc5 Ra1 56. Rh2 Rg1 57. Rxh4 Rg5+ 58. Kb6 Kd5 59. Ne3+
Ke5 60. Rc4 Rg6+ 1-0

[Event "Bad Woerishofen op"]
[Site "Bad Woerishofen"]
[Date "2000.??.??"]
[Round "1"]
[White "Teich, Udo"]
[Black "Marotzke, Stefan"]
[Result "1-0"]
[WhiteElo "2146"]
[BlackElo "1674"]
[PlyCount "93"]
[EventDate "1998.03.05"]
[Source "ChessBase"]
[SourceDate "1998.04.29"]

1. d4 d5 2. Nf3 Nf6 3. c4 e6 4. Nc3 Be7 5. g3 O-O 6. Bg2 c5 7. dxc5 Bxc5 8. O-O
dxc4 9. Qa4 Nc6 10. Qxc4 Qe7 11. Bg5 Rd8 12. Ne4 Bd4 13. Nxd4 Nxd4 14. e3 b5
15. Qc5 Qxc5 16. Nxc5 Ne2+ 17. Kh1 Rb8 18. Rad1 Rxd1 19. Rxd1 Nd5 20. e4 h6 21.
exd5 hxg5 22. Rd2 Nc1 23. d6 Nxa2 24. d7 Bxd7 25. Nxd7 Rc8 26. Bf1 a6 27. Be2
Nb4 28. Bf3 Rc1+ 29. Kg2 Rc4 30. Ne5 Rc5 31. Rd8+ Kh7 32. Nxf7 Kg6 33. Rd7 Kf6
34. Nd6 Ke5 35. Ne4 Rc2 36. Rxg7 Rxb2 37. Rxg5+ Kd4 38. h4 Nd3 39. Kh3 Nxf2+
40. Nxf2 Rxf2 41. Bb7 e5 42. Bxa6 b4 43. Rg4+ e4 44. Bb7 Re2 45. h5 b3 46. h6
Re1 47. Bxe4 1-0

[Event "Bad Woerishofen op"]
[Site "?"]
[Date "2000.??.??"]
[Round "3"]
[White "Teich, Udo"]
[Black "Pruess, Martin"]
[Result "1/2-1/2"]
[WhiteElo "2146"]
[BlackElo "1870"]
[PlyCount "81"]
[EventDate "2000.??.??"]

1. d4 d6 2. e4 g6 3. c4 Bg7 4. Nc3 Nc6 5. Nge2 e5 6. Be3 exd4 7. Nxd4 Nf6 8.
Nxc6 bxc6 9. Be2 O-O 10. O-O Re8 11. Bd3 Ng4 12. Bf4 Ne5 13. Be2 Be6 14. Qa4
Qd7 15. Rac1 h5 16. Rfd1 c5 17. Qxd7 Nxd7 18. Bf1 a6 19. b3 Bd4 20. Ne2 Bg4 21.
h3 Bxe2 22. Bxe2 f5 23. Be3 Bxe3 24. fxe3 fxe4 25. Rd2 Rf8 26. Bd1 Rae8 27. Bc2
Re5 28. Re1 Rff5 29. Bd1 Nf6 30. Be2 a5 31. Rb1 Re8 32. Kh2 Rb8 33. Rdb2 Re5
34. Kg3 Rg5+ 35. Kh2 h4 36. Bd1 Rg3 37. Re2 g5 38. Re1 g4 39. Rb2 gxh3 40. Rf2
Kg7 41. Rf4 1/2-1/2

[Event "Bad Woerishofen op"]
[Site "?"]
[Date "2000.??.??"]
[Round "5"]
[White "Teich, Udo"]
[Black "Paehtz, Elisabeth"]
[Result "0-1"]
[WhiteElo "2146"]
[BlackElo "2306"]
[PlyCount "128"]
[EventDate "2000.??.??"]

1. Nf3 g6 2. g3 Bg7 3. c4 d6 4. Bg2 Nf6 5. Nc3 O-O 6. O-O e5 7. d3 Re8 8. Rb1
c6 9. Bd2 d5 10. e4 dxc4 11. dxc4 Bg4 12. h3 Bxf3 13. Bxf3 Nbd7 14. Be3 Qe7 15.
Bg2 Nf8 16. Qa4 Ne6 17. Rfd1 Nd7 18. Ne2 a5 19. Qc2 Ndc5 20. Rd2 Qf6 21. Bxc5
Nxc5 22. Rbd1 Bf8 23. a3 Ne6 24. Qc3 Bc5 25. Rf1 a4 26. Nc1 Bb6 27. Rdd1 Bd4
28. Qc2 Qe7 29. Kh2 Red8 30. Ne2 Qc5 31. f4 exf4 32. gxf4 Be3 33. f5 Nd4 34.
Nxd4 Bxd4 35. Kh1 Qe5 36. b3 Bb6 37. b4 Bc7 38. Bf3 Kh8 39. c5 gxf5 40. exf5
Rg8 41. Rg1 f6 42. Qf2 Qxf5 43. Rg4 Rxg4 44. hxg4 Qf4 45. Rd4 Qh6+ 46. Kg2 Re8
47. Kf1 Bf4 48. Qg2 Be5 49. Rd7 Qc1+ 50. Bd1 Bc3 51. Qc2 Re1+ 52. Kg2 Qxc2+ 53.
Bxc2 Re2+ 54. Kf3 Rxc2 55. Rxb7 Be5 56. Ke4 Rc3 57. g5 Rxa3 58. gxf6 Bxf6 59.
b5 cxb5 60. c6 Rc3 61. c7 a3 62. Rb8+ Kg7 63. c8=Q Rxc8 64. Rxc8 a2 0-1

[Event "Bad Woerishofen op"]
[Site "?"]
[Date "2000.??.??"]
[Round "7"]
[White "Teich, Udo"]
[Black "Rahls, Peter"]
[Result "1/2-1/2"]
[WhiteElo "2146"]
[BlackElo "2265"]
[PlyCount "80"]
[EventDate "2000.??.??"]

1. c4 e5 2. g3 c6 3. d4 exd4 4. Qxd4 d5 5. Bg2 Be6 6. cxd5 cxd5 7. Nf3 Nc6 8.
Qa4 Nf6 9. O-O Be7 10. Nc3 O-O 11. Rd1 a6 12. Nd4 Nxd4 13. Qxd4 Rc8 14. Qd3 Bc5
15. Be3 Bxe3 16. Qxe3 Qa5 17. Rd4 Rfd8 18. Rad1 Rd7 19. Qe5 Re8 20. Qg5 Red8
21. h3 Qb6 22. Qc1 Qc6 23. Qb1 b5 24. e3 g6 25. R1d2 a5 26. Ne2 Rc8 27. Rd1 Bf5
28. Qa1 Qb7 29. R4d2 Rdc7 30. b3 Qb6 31. Qd4 Rb8 32. Qxb6 Rxb6 33. Nf4 Be4 34.
f3 g5 35. fxe4 gxf4 36. exd5 fxe3 37. Re2 Rd6 38. Rd3 Rc1+ 39. Kh2 Kg7 40.
Rdxe3 Rd1 1/2-1/2

[Event "Bad Woerishofen op"]
[Site "?"]
[Date "2000.??.??"]
[Round "9"]
[White "Teich, Udo"]
[Black "Schaefer, Michael"]
[Result "0-1"]
[WhiteElo "2146"]
[BlackElo "2215"]
[PlyCount "74"]
[EventDate "2000.??.??"]

1. d4 Nf6 2. g3 g6 3. Nf3 Bg7 4. Bg2 O-O 5. c4 d5 6. Qb3 Nc6 7. Nbd2 dxc4 8.
Qxc4 Nd7 9. Nb3 a5 10. Be3 a4 11. Nc5 Nb6 12. Qc3 Nd5 13. Qd2 Nxe3 14. fxe3 a3
15. O-O e5 16. Nb3 Qe7 17. bxa3 Rxa3 18. Ne1 Bh6 19. Qd3 exd4 20. exd4 Nxd4 21.
Nc2 Nxb3 22. axb3 Rxa1 23. Rxa1 Bf5 24. e4 Rd8 25. Qc4 Be6 26. Qb5 b6 27. Nb4
Qc5+ 28. Qxc5 bxc5 29. Nd5 Kf8 30. Ra6 Rb8 31. Rc6 Bg7 32. Kf1 Bd4 33. Rxc7
Rxb3 34. Nf4 Bc4+ 35. Ke1 Rb1+ 36. Kd2 Rb2+ 37. Kc1 g5 0-1

[Event "Bad Woerishofen op"]
[Site "?"]
[Date "2000.??.??"]
[Round "2"]
[White "Ter, Georg"]
[Black "Urban, Rudi"]
[Result "0-1"]
[WhiteElo "1565"]
[BlackElo "2125"]
[PlyCount "82"]
[EventDate "2000.??.??"]

1. d4 Nf6 2. c4 d6 3. Nc3 Bf5 4. Bg5 Nbd7 5. f3 c6 6. e4 Bg6 7. Nge2 e5 8. d5
Be7 9. Be3 c5 10. Qd2 Nb6 11. Ng3 Nfd7 12. Bd3 h6 13. Nge2 Bg5 14. g3 Bxe3 15.
Qxe3 O-O 16. O-O-O f5 17. f4 fxe4 18. Nxe4 Bxe4 19. Qxe4 Nf6 20. Qg6 e4 21.
Bxe4 Nxc4 22. Bf5 Qa5 23. Be6+ Kh8 24. Nc3 Qb4 25. Qb1 a5 26. Rd3 a4 27. a3 Qa5
28. Re1 b5 29. Re2 b4 30. axb4 cxb4 31. Ne4 a3 32. bxa3 Nxa3 33. Qb3 Nb5 34.
Nd2 Nc3 35. Rg2 Qa1+ 36. Nb1 Nfe4 37. Rxc3 Nxc3 38. Rb2 Rfb8 39. f5 Nxb1 40.
Rxb1 Qd4 41. h4 Rc8+ 0-1

[Event "Bad Woerishofen op"]
[Site "?"]
[Date "2000.??.??"]
[Round "4"]
[White "Ter, Georg"]
[Black "Illig, Ursula"]
[Result "1-0"]
[WhiteElo "1565"]
[BlackElo "1750"]
[PlyCount "71"]
[EventDate "2000.??.??"]

1. d4 Nf6 2. c4 e5 3. dxe5 Ng4 4. Bf4 g5 5. Bg3 Bg7 6. Nf3 Nc6 7. e3 Ngxe5 8.
Nc3 d6 9. Be2 Be6 10. Nxe5 Nxe5 11. Qb3 O-O 12. O-O Rb8 13. f4 Nd7 14. f5 Nc5
15. Qc2 Bd7 16. b4 Na6 17. Rab1 f6 18. Bd3 Be8 19. Qe2 Bf7 20. Rfd1 Re8 21. e4
c5 22. b5 Nc7 23. Bc2 Bf8 24. Rd2 Re7 25. Rxd6 Rd7 26. Rxd7 Qxd7 27. Rd1 Qc8
28. Nd5 Nxd5 29. exd5 Ra8 30. d6 Qd7 31. Be4 Rd8 32. Qd3 Kg7 33. Bd5 Bxd6 34.
Bxf7 Qxf7 35. Bxd6 Kg8 36. Qd5 1-0

[Event "Bad Woerishofen op"]
[Site "?"]
[Date "2000.??.??"]
[Round "5"]
[White "Ter, Georg"]
[Black "Ries, Berthold"]
[Result "1/2-1/2"]
[WhiteElo "1565"]
[BlackElo "1850"]
[PlyCount "93"]
[EventDate "2000.??.??"]

1. d4 Nf6 2. c4 e6 3. Nc3 Bb4 4. Qc2 d5 5. e3 O-O 6. Nf3 b6 7. cxd5 exd5 8. Bd3
c5 9. O-O c4 10. Bf5 Nc6 11. Bxc8 Rxc8 12. a3 Bd6 13. Re1 Re8 14. b4 Bb8 15.
Bb2 Ne4 16. Rac1 Qd6 17. Nb5 Qh6 18. g3 Re6 19. Nc3 Nxc3 20. Bxc3 Qh5 21. Qe2
b5 22. a4 bxa4 23. Ra1 Rf6 24. Nh4 Qxe2 25. Rxe2 g5 26. Ng2 Re6 27. Rxa4 f5 28.
b5 Nd8 29. Rb2 Nf7 30. Ra5 Rb6 31. Ra1 Nd6 32. Rab1 Bc7 33. Ba5 Rb7 34. Bxc7
Rcxc7 35. b6 axb6 36. Rxb6 Rxb6 37. Rxb6 c3 38. Ne1 Nc4 39. Rb8+ Kf7 40. Nc2
Ra7 41. Rb3 Nd2 42. Rxc3 Nf3+ 43. Kg2 g4 44. h3 h5 45. hxg4 hxg4 46. Kf1 Rb7
47. Ke2 1/2-1/2

[Event "Bad Woerishofen op"]
[Site "?"]
[Date "2000.??.??"]
[Round "7"]
[White "Ter, Georg"]
[Black "Carl, Werner"]
[Result "1/2-1/2"]
[WhiteElo "1565"]
[BlackElo "1900"]
[PlyCount "101"]
[EventDate "2000.??.??"]

1. d4 Nf6 2. c4 c5 3. d5 b5 4. cxb5 a6 5. Nc3 d6 6. f3 g6 7. e4 Bg7 8. bxa6 O-O
9. Bb5 Bxa6 10. Nge2 Qb6 11. Bxa6 Nxa6 12. Be3 Rfb8 13. b3 Nd7 14. O-O Qa5 15.
Qd2 Nc7 16. Rab1 Rb7 17. Rfc1 Rab8 18. f4 Nf6 19. Ng3 Ng4 20. Nce2 Qa6 21. Nf1
Nb5 22. Re1 Nxe3 23. Nxe3 Nd4 24. Rbc1 Ra8 25. Nxd4 Bxd4 26. Rc2 Rba7 27. Kf2
Qb6 28. Kf3 Qb7 29. Kg3 Rb8 30. h3 Rba8 31. Kh2 Kg7 32. Re2 Rb8 33. Nc4 Qc7 34.
Qe1 f6 35. Nd2 Rb4 36. Nf3 Qb7 37. Red2 Qb6 38. Nxd4 Rxd4 39. Rxd4 cxd4 40. Qd2
Ra3 41. Rc4 Ra7 42. Qxd4 Qxd4 43. Rxd4 Rxa2 44. Rb4 h5 45. Kg3 g5 46. fxg5 fxg5
47. Rb7 Kf6 48. Kf3 Rc2 49. b4 Rc3+ 50. Ke2 Rc2+ 51. Kf3 1/2-1/2

[Event "Bad Woerishofen op"]
[Site "?"]
[Date "2000.??.??"]
[Round "9"]
[White "Ter, Georg"]
[Black "Prestel, Oliver"]
[Result "0-1"]
[WhiteElo "1565"]
[BlackElo "2186"]
[PlyCount "44"]
[EventDate "2000.??.??"]

1. d4 d5 2. c4 dxc4 3. Nc3 e5 4. d5 c6 5. e4 f5 6. Bxc4 Nf6 7. Bg5 Bc5 8. Bxf6
Qxf6 9. Nf3 b5 10. Bb3 b4 11. dxc6 bxc3 12. Qd5 cxb2 13. Rd1 Bb4+ 14. Kf1 Na6
15. Kg1 Nc7 16. Qc4 Bd6 17. Ng5 Ba6 18. Qf7+ Qxf7 19. Nxf7 Nb5 20. g3 Rf8 21.
Nxd6+ Nxd6 22. Rb1 Bd3 0-1

[Event "Bad Woerishofen op"]
[Site "?"]
[Date "2000.??.??"]
[Round "2"]
[White "Theuermeister, Peter"]
[Black "Born, Bernd-Ludger"]
[Result "1-0"]
[WhiteElo "1752"]
[BlackElo "2056"]
[PlyCount "97"]
[EventDate "2000.??.??"]

1. d4 Nf6 2. Nf3 b6 3. c4 e6 4. Nc3 Bb7 5. e3 Be7 6. Be2 O-O 7. O-O d5 8. cxd5
Nxd5 9. Bd2 c5 10. a3 Nd7 11. Rc1 Rc8 12. Nxd5 Bxd5 13. Ba6 Rb8 14. Bb5 Bd6 15.
Qa4 Nf6 16. dxc5 bxc5 17. Ba5 Qe7 18. Nd2 Qb7 19. Bd3 Bxg2 20. Rfe1 Bc6 21. Qh4
Be7 22. Bc3 h6 23. Qg3 Rfd8 24. Bc2 Nh5 25. Qg4 Nf6 26. Qg3 Ne8 27. e4 Rd7 28.
Nc4 Ra8 29. Na5 Qc7 30. Nxc6 Qxc6 31. e5 Rb8 32. Qg4 Qc7 33. Ba4 Rd5 34. Rcd1
Rbd8 35. Rxd5 exd5 36. Bxe8 Rxe8 37. e6 d4 38. exf7+ Kxf7 39. Bd2 Bf6 40. Qh5+
g6 41. Qd5+ Kf8 42. Bxh6+ Bg7 43. Rxe8+ Kxe8 44. Qg8+ Kd7 45. Qxg7+ Kc8 46.
Qxc7+ Kxc7 47. Kf1 Kc6 48. Ke2 Kd5 49. b3 1-0

[Event "Bad Woerishofen op"]
[Site "?"]
[Date "2000.??.??"]
[Round "4"]
[White "Theuermeister, Peter"]
[Black "Heil, Walter"]
[Result "0-1"]
[WhiteElo "1752"]
[BlackElo "2080"]
[PlyCount "62"]
[EventDate "2000.??.??"]

1. e4 d5 2. exd5 Qxd5 3. Nc3 Qa5 4. d4 c6 5. Bd2 Bf5 6. Nf3 e6 7. Be2 Qc7 8.
Nh4 Bg6 9. Nxg6 hxg6 10. g3 Nf6 11. Bf3 Nbd7 12. Qe2 O-O-O 13. O-O Nb6 14. Be3
Bd6 15. Bg2 Rh7 16. f4 Rdh8 17. Bf3 Rxh2 18. Qxh2 Rxh2 19. Kxh2 g5 20. Ne4 Nxe4
21. Bxe4 Nc4 22. Bc1 gxf4 23. gxf4 g5 24. b3 Nb6 25. Kg3 f5 26. Bg2 gxf4+ 27.
Kf2 Qg7 28. c3 Qg3+ 29. Kg1 Qxc3 30. Rb1 Qxd4+ 31. Kh1 Qh8+ 0-1

[Event "Bad Woerishofen op"]
[Site "?"]
[Date "2000.??.??"]
[Round "7"]
[White "Theuermeister, Peter"]
[Black "Zickelbein, Eva Maria"]
[Result "0-1"]
[WhiteElo "1752"]
[BlackElo "1967"]
[PlyCount "60"]
[EventDate "2000.??.??"]

1. d4 g6 2. Nf3 Bg7 3. c4 d6 4. Nc3 Bg4 5. e3 Nc6 6. Be2 e5 7. d5 Nce7 8. e4
Bd7 9. O-O f5 10. exf5 gxf5 11. Bg5 Nf6 12. Nxe5 dxe5 13. d6 c6 14. dxe7 Qxe7
15. Bh5+ Kf8 16. Re1 Qe6 17. Be2 h6 18. Be3 b6 19. a4 Rd8 20. Qc2 h5 21. h4 f4
22. Bc1 Ng4 23. f3 Qf6 24. fxg4 Qxh4 25. Rf1 hxg4 26. Bxf4 exf4 27. Rxf4+ Kg8
28. Qe4 Re8 29. Qxe8+ Bxe8 30. Raf1 Qh2+ 0-1

[Event "Bad Woerishofen op"]
[Site "?"]
[Date "2000.??.??"]
[Round "8"]
[White "Theuermeister, Peter"]
[Black "Doell, Detlef"]
[Result "0-1"]
[WhiteElo "1752"]
[BlackElo "2093"]
[PlyCount "72"]
[EventDate "2000.??.??"]

1. d4 Nf6 2. Nf3 g6 3. c4 Bg7 4. Nc3 O-O 5. e4 d6 6. Be2 e5 7. O-O Nc6 8. d5
Ne7 9. Bg5 h6 10. Bd2 Nd7 11. Ne1 f5 12. exf5 gxf5 13. f4 a5 14. a4 Ng6 15. g3
Nc5 16. Be3 b6 17. Ng2 Bd7 18. Qc2 Qf6 19. Bh5 Ne7 20. Rf2 Be8 21. Be2 Na6 22.
Raf1 Bg6 23. Nh4 e4 24. Rd1 Qf7 25. Nxg6 Qxg6 26. Rd2 Kh8 27. Qd1 Ng8 28. Bh5
Qh7 29. g4 Nf6 30. gxf5 Qxf5 31. Be2 Rg8 32. Rg2 Kh7 33. Bg4 Nxg4 34. Rxg4
Qxg4+ 35. Qxg4 Bxc3 36. Qxg8+ Rxg8+ 0-1

[Event "Bad Woerishofen op"]
[Site "Bad Woerishofen"]
[Date "2000.??.??"]
[Round "1"]
[White "Traub, Heinrich"]
[Black "Schenk, Uwe"]
[Result "0-1"]
[WhiteElo "1679"]
[BlackElo "2152"]
[PlyCount "68"]
[EventDate "1998.03.05"]
[Source "ChessBase"]
[SourceDate "1998.04.29"]

1. e4 c5 2. c3 Nf6 3. e5 Nd5 4. Nf3 e6 5. d4 cxd4 6. Nxd4 d6 7. Bb5+ Bd7 8.
Bxd7+ Qxd7 9. exd6 Bxd6 10. O-O O-O 11. Qf3 Nc6 12. Nxc6 Qxc6 13. Nd2 Qc7 14.
g3 f5 15. Qe2 Rae8 16. Nc4 Bc5 17. Bd2 a5 18. Rae1 f4 19. Qe4 fxg3 20. hxg3
Qxg3+ 21. Qg2 Qxg2+ 22. Kxg2 Nf4+ 23. Bxf4 Rxf4 24. Nxa5 Ref8 25. f3 R8f6 26.
Nxb7 Rg6+ 27. Kh3 Rf5 28. Re4 Be7 29. Rg4 Rxg4 30. Kxg4 h5+ 31. Kg3 Rb5 32. b4
Rxb7 33. a4 Rc7 34. Rc1 Bxb4 0-1

[Event "Bad Woerishofen op"]
[Site "?"]
[Date "2000.??.??"]
[Round "3"]
[White "Traub, Heinrich"]
[Black "Dintheer, Willi"]
[Result "0-1"]
[WhiteElo "1679"]
[BlackElo "1800"]
[PlyCount "50"]
[EventDate "2000.??.??"]

1. e4 c5 2. c3 e6 3. d4 d5 4. exd5 exd5 5. Nf3 Nf6 6. Be2 Be7 7. O-O O-O 8. h3
Bf5 9. Nh4 Be6 10. Nf3 Nbd7 11. Be3 Rc8 12. Ng5 Bf5 13. Bd3 Ne4 14. Nxe4 dxe4
15. Be2 Bd6 16. Bg4 Bxg4 17. Qxg4 f5 18. Qd1 c4 19. Bc1 Qh4 20. Nd2 Nb6 21. Re1
Rf6 22. Nf1 Rg6 23. Qc2 Qxh3 24. Ng3 Qh4 25. Nxf5 Qh2+ 0-1

[Event "Bad Woerishofen op"]
[Site "?"]
[Date "2000.??.??"]
[Round "5"]
[White "Traub, Heinrich"]
[Black "Steiger, Wallfried"]
[Result "0-1"]
[WhiteElo "1679"]
[BlackElo "1890"]
[PlyCount "68"]
[EventDate "2000.??.??"]

1. e4 c5 2. c3 Nf6 3. e5 Nd5 4. Nf3 e6 5. d4 a6 6. Bc4 Nb6 7. Bd3 cxd4 8. cxd4
Nc6 9. O-O d5 10. a3 Be7 11. b4 Bd7 12. Nbd2 Na7 13. Qe2 Ba4 14. Bb2 O-O 15.
Rac1 Qd7 16. Rc3 Nb5 17. Rcc1 Rfc8 18. Nb1 Rxc1 19. Rxc1 Rc8 20. Qf1 Rc6 21.
Rxc6 Qxc6 22. Qc1 Nc4 23. Bxc4 Qxc4 24. Nc3 Nxc3 25. Qxc3 Bb5 26. Qc1 h6 27.
Qxc4 Bxc4 28. Bc3 Kf8 29. Ne1 Ke8 30. g3 Kd7 31. f4 Kc6 32. Nc2 Kb5 33. Na1 Ka4
34. Kf2 Kxa3 0-1